| 000 | 00523nam a2200181Ia 4500 | ||
|---|---|---|---|
| 003 | GCL | ||
| 008 | 140319s9999 xx 000 0 ara d | ||
| 040 |
_aGCL / _cGCL |
||
| 082 | 0 | 4 |
_a330.1543 _bم ا |
| 100 | 1 | _aمختار محمد متولى | |
| 245 | 1 | 0 |
_aالاساليب الرياضية للاقتصاديين / _cمختار محمد متولى |
| 300 | _a541 | ||
| 490 |
_aكتاب _v0 |
||
| 650 | 0 | 4 | _aالاقتصاد |
| 650 | 0 | 4 | _aالرياضة |
| 650 | 0 | 4 | _aالاقتصاد الرياضى |
| 942 |
_2ddc _cBK |
||
| 999 |
_c43155 _d43155 |
||